[Event "Bagsvard GSF 75 Years-D"]
[Site "Bagsvard"]
[Date "2008.04.22"]
[Round "2"]
[White "Jacobsen, Jesper Howalt"]
[Black "Jonsson, John"]
[Result "1-0"]
[WhiteElo "1125"]
[BlackElo "1217"]
[PlyCount "57"]
[EventDate "2008.04.15"]
[EventType "swiss"]
[EventRounds "7"]
[EventCountry "DEN"]
[SourceTitle "EXT 2023"]
[Source "ChessBase"]
[SourceDate "2022.10.05"]
[SourceVersion "1"]
[SourceVersionDate "2022.10.05"]
[SourceQuality "1"]

1. d4 Nf6 2. c4 e6 3. g3 d5 4. cxd5 exd5 5. Bg2 c6 6. Nf3 h6 7. a3 Be6 8. Nc3 Bd6 9. Qb3 Qc7 10. Qc2 Nbd7 11. b4 0-0 12. 0-0 Rfe8 13. Nh4 Nf8 14. f4 Bd7 15. Nf3 g6 16. Ne5 Kg7 17. Nxd7 Qxd7 18. Qd3 a6 19. Na4 Qc7 20. Bd2 Ne4 21. Bxe4 dxe4 22. Qe3 f5 23. Bc3 Kh7 24. Rfd1 b6 25. d5 c5 26. bxc5 Bxc5 27. Nxc5 bxc5 28. Be5 Qa7 29. Rab1 1-0

[Event "Rodovre-ch C"]
[Site "Rodovre"]
[Date "2007.09.04"]
[Round "1"]
[White "Eriksen, Bjorn"]
[Black "Jonsson, John"]
[Result "1-0"]
[WhiteElo "1347"]
[BlackElo "1201"]
[PlyCount "43"]
[EventDate "2007.09.04"]
[EventType "tourn"]
[EventRounds "7"]
[EventCountry "DEN"]
[SourceTitle "EXT 2023"]
[Source "ChessBase"]
[SourceDate "2022.10.05"]
[SourceVersion "1"]
[SourceVersionDate "2022.10.05"]
[SourceQuality "1"]

1. d4 Nf6 2. Nf3 e6 3. g3 d5 4. Bg2 Nc6 5. 0-0 g6 6. Bg5 Bg7 7. c4 0-0 8. Nbd2 h6 9. Bf4 g5 10. Be3 Ng4 11. Rc1 Nxe3 12. fxe3 Rb8 13. a3 a5 14. Nb3 Ra8 15. Qc2 f5 16. cxd5 exd5 17. Nc5 Qe7 18. Qb3 Rd8 19. Nxb7 Bxb7 20. Qxb7 Qxe3+ 21. Kh1 Ne7 22. Rxc7 1-0